[Event "37. Copenhagen Open (Politiken Cup)"]
[Site "Elsinore"]
[Date "2015.07.26"]
[Round "2"]
[White "Molvig, Julius"]
[Black "Myhre, Mads Wollan"]
[Result "0-1"]
[WhiteElo "1926"]
[BlackElo "1686"]
[PlyCount "42"]
[EventDate "2015.07.25"]
[EventType "swiss"]
[EventRounds "10"]
[EventCountry "DEN"]
[Source "ChessBase"]
[SourceDate "2015.09.14"]

1. d4 d5 2. c4 c6 3. Nf3 Nf6 4. Nc3 Bf5 5. Bg5 e6 6. Qb3 b6 7. cxd5 exd5 8.
Bxf6 Qxf6 9. Nxd5 cxd5 10. Qxd5 Bb4+ 11. Kd1 O-O 12. Qxa8 Nc6 13. Qb7 Nxd4 14.
Nd2 Bxd2 15. Kxd2 Nb3+ 16. axb3 Qxb2+ 17. Ke3 Qc3+ 18. Kf4 Qd4+ 19. e4 Qxf2+
20. Ke5 Re8+ 21. Kd6 Qc5# 0-1

[Event "37. Copenhagen Open (Politiken Cup)"]
[Site "Elsinore"]
[Date "2015.07.26"]
[Round "2"]
[White "Morkedal, Oyvind"]
[Black "Steenstrup, Svend"]
[Result "0-1"]
[WhiteElo "1689"]
[BlackElo "1914"]
[PlyCount "48"]
[EventDate "2015.07.25"]
[EventType "swiss"]
[EventRounds "10"]
[EventCountry "DEN"]
[Source "ChessBase"]
[SourceDate "2015.09.14"]

1. d4 g6 2. e4 Nf6 3. Nc3 d5 4. exd5 Nxd5 5. Nxd5 Qxd5 6. h3 Bg7 7. c3 Nc6 8.
Nf3 Bf5 9. Bd3 O-O-O 10. Bxf5+ Qxf5 11. O-O e5 12. d5 e4 13. Qb3 Rxd5 14. Ng5
Ne5 15. c4 Rd3 16. Qa4 h6 17. Qxa7 hxg5 18. Qa8+ Kd7 19. Qxb7 Nc6 20. Be3 g4
21. Bb6 Be5 22. Be3 gxh3 23. g3 h2+ 24. Kh1 Qf3# 0-1

[Event "37. Copenhagen Open (Politiken Cup)"]
[Site "Elsinore"]
[Date "2015.07.26"]
[Round "2"]
[White "Mozelius, Peter"]
[Black "Hein, Jacob"]
[Result "1-0"]
[WhiteElo "1825"]
[BlackElo "1441"]
[PlyCount "81"]
[EventDate "2015.07.25"]
[EventType "swiss"]
[EventRounds "10"]
[EventCountry "DEN"]
[Source "ChessBase"]
[SourceDate "2015.09.14"]

1. d4 f5 2. Bg5 h6 3. Bh4 Nf6 4. e3 b6 5. Bxf6 exf6 6. Qh5+ Ke7 7. Qxf5 d5 8.
Qf3 Qd6 9. c3 Bb7 10. Bd3 h5 11. h4 Nd7 12. Nh3 Rc8 13. Nf4 Rh6 14. Na3 a6 15.
Nc2 c5 16. Bf5 g6 17. Nxg6+ Kd8 18. Nf4 Kc7 19. O-O-O Kb8 20. Nxh5 Rc7 21. Nf4
Ka7 22. g4 Be7 23. Ne6 Rc8 24. g5 fxg5 25. hxg5 Rxh1 26. Rxh1 cxd4 27. exd4 Nf8
28. Qg4 Rc6 29. Nxf8 Bxf8 30. f4 b5 31. Rh3 b4 32. g6 Qc7 33. g7 bxc3 34.
gxf8=Q cxb2+ 35. Kb1 Rb6 36. Qa3 Qc4 37. Bd3 Qc7 38. Rh7 Qc6 39. Qc5 Qa4 40.
Rxb7+ Kxb7 41. Qgc8+ 1-0

[Event "37. Copenhagen Open (Politiken Cup)"]
[Site "Elsinore"]
[Date "2015.07.26"]
[Round "2"]
[White "Naesborg, Jens Ole"]
[Black "Jorgensen, Orla Eilegaard"]
[Result "1/2-1/2"]
[WhiteElo "1900"]
[BlackElo "1656"]
[PlyCount "93"]
[EventDate "2015.07.25"]
[EventType "swiss"]
[EventRounds "10"]
[EventCountry "DEN"]
[Source "ChessBase"]
[SourceDate "2015.09.14"]

1. e4 b6 2. d4 Bb7 3. Nc3 e6 4. f4 Bb4 5. Bd3 Nf6 6. Qe2 d5 7. e5 Ne4 8. Bxe4
dxe4 9. a3 Bxc3+ 10. bxc3 O-O 11. Be3 f5 12. Qf2 Nc6 13. Ne2 Ne7 14. O-O Ba6
15. Rfe1 Nd5 16. Bd2 Rc8 17. c4 Bxc4 18. Nc3 Nxc3 19. Bxc3 a5 20. Re3 Qe7 21.
Rg3 c5 22. Rg5 cxd4 23. Bxd4 b5 24. Bb6 a4 25. Ba5 Qd7 26. Bb4 Rf7 27. Re1 g6
28. h4 Rg7 29. Bd6 Ra8 30. Re3 Ra7 31. Reg3 Qe8 32. Qc5 Rad7 33. Kh2 Kh8 34.
Re3 Qd8 35. Rgg3 Qxh4+ 36. Rh3 Qxf4+ 37. Reg3 h5 38. Qc8+ Kh7 39. Qc5 Kg8 40.
Qc8+ Kh7 41. Qe8 Rxd6 42. exd6 Qxd6 43. Kh1 Qd1+ 44. Kh2 Qd6 45. Kh1 Qd1+ 46.
Kh2 Qd6 47. Kh1 1/2-1/2

[Event "37. Copenhagen Open (Politiken Cup)"]
[Site "Elsinore"]
[Date "2015.07.26"]
[Round "2"]
[White "Narheim, Mats"]
[Black "Hojgaard, Brandur"]
[Result "1/2-1/2"]
[WhiteElo "1264"]
[BlackElo "1787"]
[PlyCount "45"]
[EventDate "2015.07.25"]
[EventType "swiss"]
[EventRounds "10"]
[EventCountry "DEN"]
[Source "ChessBase"]
[SourceDate "2015.09.14"]

1. e4 e5 2. Nf3 Nc6 3. d4 exd4 4. Bc4 Nf6 5. O-O d6 6. Nxd4 Be7 7. Nc3 O-O 8.
Be3 Ne5 9. Be2 Re8 10. f3 Ng6 11. Bc4 a6 12. Nd5 Nxd5 13. Bxd5 Bg5 14. Qd2
Bxe3+ 15. Qxe3 Ne7 16. Bc4 Rb8 17. Qb3 Rf8 18. Bxa6 Bd7 19. Be2 Nc6 20. Nxc6
Bxc6 21. Bb5 Qd7 22. Bxc6 Qxc6 23. Kh1 1/2-1/2

[Event "37. Copenhagen Open (Politiken Cup)"]
[Site "Elsinore"]
[Date "2015.07.26"]
[Round "2"]
[White "Nielsen, Andre"]
[Black "Ramsdal, Jens Albert"]
[Result "0-1"]
[WhiteElo "1963"]
[BlackElo "2169"]
[PlyCount "65"]
[EventDate "2015.07.25"]
[EventType "swiss"]
[EventRounds "10"]
[EventCountry "DEN"]
[Source "ChessBase"]
[SourceDate "2015.09.14"]

1. e4 c5 2. Nf3 e6 3. d4 cxd4 4. Nxd4 Nc6 5. Nc3 Qc7 6. Be3 a6 7. Be2 Nf6 8.
O-O Bb4 9. Na4 Be7 10. Nxc6 bxc6 11. Bb6 Qb8 12. Qd4 e5 13. Qd3 d5 14. exd5
cxd5 15. c4 Bd7 16. Qb3 O-O 17. Nc3 d4 18. Nd5 Nxd5 19. cxd5 Bb5 20. Rfe1 Qxb6
21. a4 d3 22. Bxd3 Bc5 23. axb5 Bxf2+ 24. Kh1 Bxe1 25. Rxe1 axb5 26. Qxb5 Qxb5
27. Bxb5 Rab8 28. Bf1 Rxb2 29. Rxe5 f6 30. Re1 Ra2 31. Bc4 Rc2 32. Bb3 Rc3 33.
Ba2 0-1

[Event "37. Copenhagen Open (Politiken Cup)"]
[Site "Elsinore"]
[Date "2015.07.26"]
[Round "2"]
[White "Nielsen, Jan Mose"]
[Black "Kollars, Dmitrij"]
[Result "0-1"]
[WhiteElo "2074"]
[BlackElo "2437"]
[PlyCount "40"]
[EventDate "2015.07.25"]
[EventType "swiss"]
[EventRounds "10"]
[EventCountry "DEN"]
[Source "ChessBase"]
[SourceDate "2015.09.14"]

1. d4 Nf6 2. c4 e6 3. g3 Bb4+ 4. Bd2 Qe7 5. Nf3 Nc6 6. Bg2 O-O 7. O-O Bxd2 8.
Nbxd2 d6 9. a3 a5 10. b3 e5 11. e3 h6 12. Qc2 Re8 13. dxe5 dxe5 14. Qc3 Bf5 15.
Nh4 Bh7 16. Bh3 Rad8 17. Nf5 Bxf5 18. Bxf5 e4 19. Bh3 Rd3 20. Qc2 Red8 0-1

[Event "37. Copenhagen Open (Politiken Cup)"]
[Site "Elsinore"]
[Date "2015.07.26"]
[Round "2"]
[White "Nielsen, Jens Holm"]
[Black "Edwardsson, Hannu Kalervo"]
[Result "1-0"]
[WhiteElo "1836"]
[BlackElo "1452"]
[PlyCount "51"]
[EventDate "2015.07.25"]
[EventType "swiss"]
[EventRounds "10"]
[EventCountry "DEN"]
[Source "ChessBase"]
[SourceDate "2015.09.14"]

1. Nc3 e5 2. Nf3 d6 3. d4 exd4 4. Nxd4 Nf6 5. Bg5 Be7 6. Qd2 O-O 7. O-O-O Bd7
8. e4 Nc6 9. Nxc6 Bxc6 10. f3 Nd7 11. Bxe7 Qxe7 12. Nd5 Bxd5 13. Qxd5 Qe6 14.
Qxe6 fxe6 15. Bc4 Rfe8 16. f4 Kh8 17. Rhe1 g6 18. h4 a6 19. h5 gxh5 20. Rh1 Nf6
21. e5 d5 22. exf6 dxc4 23. Rd7 Rf8 24. Rxh5 Rxf6 25. Rdxh7+ Kg8 26. Rh8+ 1-0

[Event "37. Copenhagen Open (Politiken Cup)"]
[Site "Elsinore"]
[Date "2015.07.26"]
[Round "2"]
[White "Nielsen, Jorgen Lovgren"]
[Black "Schandorff, Lars"]
[Result "0-1"]
[WhiteElo "2106"]
[BlackElo "2520"]
[PlyCount "170"]
[EventDate "2015.07.25"]
[EventType "swiss"]
[EventRounds "10"]
[EventCountry "DEN"]
[Source "ChessBase"]
[SourceDate "2015.09.14"]

1. e4 c6 2. d4 d5 3. Nc3 dxe4 4. Nxe4 Bf5 5. Ng3 Bg6 6. h4 h6 7. Nf3 Nd7 8. h5
Bh7 9. Bd3 Bxd3 10. Qxd3 e6 11. Bd2 Ngf6 12. O-O-O Be7 13. Ne4 Nxe4 14. Qxe4
Nf6 15. Qe2 Qd5 16. c4 Qe4 17. Qxe4 Nxe4 18. Be3 Nd6 19. b3 b5 20. Ne5 bxc4 21.
bxc4 Bf6 22. c5 Bxe5 23. dxe5 Nf5 24. g4 Nxe3 25. fxe3 Ke7 26. Rd6 Rac8 27.
Rhd1 Rc7 28. R1d4 Rg8 29. Kd2 g6 30. hxg6 Rxg6 31. Ke2 Rg5 32. Re4 h5 33. gxh5
Rxh5 34. Kf3 Rf5+ 35. Ke2 Rh5 36. Kd3 Rg5 37. Kc3 Rh5 38. Kd3 Rg5 39. Kc3 Ke8
40. Kd3 Rh5 41. Kc3 Rg5 42. Kd3 Kf8 43. Kc3 Kg7 44. Rd2 Rg1 45. Kc2 Kg6 46. Rf2
Rb7 47. Kd3 Rg5 48. Rf6+ Kg7 49. Rf2 Kg6 50. Rf6+ Kg7 51. Rf2 Kf8 52. Kc4 Rg1
53. Rc2 Ke7 54. Rd4 Rg5 55. Re4 Rd7 56. Rf2 Rg1 57. Rd4 Rc1+ 58. Kd3 Rb7 59.
Rc2 Rxc2 60. Kxc2 Rb5 61. Rc4 Kf8 62. Kc3 a5 63. Kd4 Kg7 64. Ra4 Kg6 65. Rc4
Kf5 66. Ra4 Kg5 67. Rc4 Kg4 68. Ke4 Kg5 69. Kd4 Kh6 70. Ra4 Kg6 71. Rc4 Kg5 72.
Ra4 Kf5 73. Rc4 Rb7 74. Ra4 Ra7 75. Ra3 a4 76. Kc4 Kxe5 77. Kb4 Ke4 78. Rxa4
Rxa4+ 79. Kxa4 Kxe3 80. Kb3 Kd4 81. Kb4 e5 82. a4 e4 83. a5 e3 84. a6 e2 85. a7
e1=Q+ 0-1

[Event "37. Copenhagen Open (Politiken Cup)"]
[Site "Elsinore"]
[Date "2015.07.26"]
[Round "2"]
[White "Nielsen, Lars Aaes"]
[Black "Franzen, Per Erik"]
[Result "1-0"]
[WhiteElo "2201"]
[BlackElo "1988"]
[PlyCount "81"]
[EventDate "2015.07.25"]
[EventType "swiss"]
[EventRounds "10"]
[EventCountry "DEN"]
[Source "ChessBase"]
[SourceDate "2015.09.14"]

1. e4 c5 2. c3 Nf6 3. e5 Nd5 4. Nf3 e6 5. d4 cxd4 6. cxd4 b6 7. Bc4 Bb7 8. O-O
Be7 9. Bd2 O-O 10. Nc3 Nxc3 11. Bxc3 Na6 12. d5 exd5 13. Bxd5 Bxd5 14. Qxd5 Nc7
15. Qb3 Ne6 16. Rfd1 Qc7 17. Qd5 Rad8 18. Nd4 Nxd4 19. Qxd4 f6 20. Qd5+ Kh8 21.
Rac1 Qb8 22. Rd3 f5 23. Rcd1 b5 24. Ba5 Rde8 25. Qxd7 Bc5 26. b4 Be7 27. Bc7
Qb7 28. e6 Qe4 29. a3 h6 30. h3 Kh7 31. Qd5 Qxd5 32. Rxd5 a6 33. Re1 Kg6 34. f4
Rf6 35. Rd7 Kh5 36. Kf1 g5 37. Re2 g4 38. Bd6 Bd8 39. Bc5 gxh3 40. gxh3 a5 41.
e7 1-0

[Event "37. Copenhagen Open (Politiken Cup)"]
[Site "Elsinore"]
[Date "2015.07.26"]
[Round "2"]
[White "Nielsen, Morten"]
[Black "Norlander, Svante"]
[Result "1-0"]
[WhiteElo "1942"]
[BlackElo "1705"]
[PlyCount "40"]
[EventDate "2015.07.25"]
[EventType "swiss"]
[EventRounds "10"]
[EventCountry "DEN"]
[Source "ChessBase"]
[SourceDate "2015.09.14"]

1. e4 c5 2. c3 b6 3. d4 Bb7 4. d5 Qc7 5. c4 a6 6. Nc3 d6 7. Bd3 g6 8. f4 Bg7 9.
Qe2 Nd7 10. Nf3 O-O-O 11. Bd2 Re8 12. O-O h5 13. Rae1 Nh6 14. Na4 Nf6 15. b4 e6
16. bxc5 dxc5 17. Rb1 exd5 18. Nxb6+ Kd8 19. cxd5 Bxd5 20. Ba5 Qxb6 1-0

[Event "37. Copenhagen Open (Politiken Cup)"]
[Site "Elsinore"]
[Date "2015.07.26"]
[Round "2"]
[White "Nielsen, Thomas Bach"]
[Black "Petersson, Baldur Teodor"]
[Result "1-0"]
[WhiteElo "2193"]
[BlackElo "1988"]
[PlyCount "43"]
[EventDate "2015.07.25"]
[EventType "swiss"]
[EventRounds "10"]
[EventCountry "DEN"]
[Source "ChessBase"]
[SourceDate "2015.09.14"]

1. d4 d5 2. c4 c6 3. cxd5 cxd5 4. Nf3 Nf6 5. Nc3 Nc6 6. Bf4 e6 7. e3 Qb6 8. a3
Be7 9. Bd3 Bd7 10. O-O Rc8 11. Na4 Qa5 12. b4 Nxb4 13. axb4 Qxb4 14. Ne5 b5 15.
Nxd7 Nxd7 16. Nc5 Nxc5 17. dxc5 a6 18. Rxa6 Bxc5 19. Qh5 g6 20. Qe5 Kd7 21. Rb1
Bb6 22. Rxb4 1-0

[Event "37. Copenhagen Open (Politiken Cup)"]
[Site "Elsinore"]
[Date "2015.07.26"]
[Round "2"]
[White "Nielsen, Viktor"]
[Black "Kristiansen, Jens"]
[Result "1-0"]
[WhiteElo "2069"]
[BlackElo "2423"]
[PlyCount "59"]
[EventDate "2015.07.25"]
[EventType "swiss"]
[EventRounds "10"]
[EventCountry "DEN"]
[Source "ChessBase"]
[SourceDate "2015.09.14"]

1. e4 g6 2. d4 Bg7 3. Nc3 d6 4. Nge2 a6 5. a4 b6 6. h3 Bb7 7. g4 e6 8. Bg2 Nd7
9. Be3 Ne7 10. O-O h5 11. gxh5 Rxh5 12. Ng3 Rh7 13. f4 Nf6 14. f5 exf5 15. exf5
Bxg2 16. Kxg2 Qd7 17. Qf3 d5 18. Bg5 O-O-O 19. Rae1 Nc6 20. h4 Nxd4 21. Qd3 Ne4
22. Ncxe4 dxe4 23. Qxe4 Kb8 24. Bxd8 gxf5 25. Nxf5 Nxf5 26. Qxf5 Qd2+ 27. Rf2
Qxe1 28. Qxh7 Bd4 29. Bxc7+ Kc8 30. Bg3 1-0

[Event "37. Copenhagen Open (Politiken Cup)"]
[Site "Elsinore"]
[Date "2015.07.26"]
[Round "2"]
[White "Nisipeanu, Liviu Dieter"]
[Black "Sigeman, Johan"]
[Result "1-0"]
[WhiteElo "2654"]
[BlackElo "2138"]
[PlyCount "71"]
[EventDate "2015.07.25"]
[EventType "swiss"]
[EventRounds "10"]
[EventCountry "DEN"]
[Source "ChessBase"]
[SourceDate "2015.09.14"]

1. Nf3 Nf6 2. c4 e6 3. g3 b6 4. Bg2 Bb7 5. O-O Be7 6. d4 O-O 7. d5 exd5 8. Nh4
c6 9. cxd5 Nxd5 10. Nf5 Nc7 11. e4 d5 12. Nc3 Nba6 13. Re1 Re8 14. exd5 cxd5
15. Bf4 Bf8 16. Qg4 Qf6 17. Ne3 Qe6 18. Qh4 Rad8 19. Bh3 Qe7 20. Bg5 f6 21. Bf5
h6 22. Bxh6 g5 23. Qh5 Bxh6 24. Ng4 Qxe1+ 25. Rxe1 Rxe1+ 26. Kg2 d4+ 27. Ne4
Bg7 28. Qg6 Bxe4+ 29. Bxe4 Rxe4 30. Nxf6+ Kf8 31. Nxe4 d3 32. Nxg5 Rd7 33. Nh7+
Ke7 34. Qxg7+ Kd8 35. Qf8+ Ne8 36. Nf6 1-0

[Event "37. Copenhagen Open (Politiken Cup)"]
[Site "Elsinore"]
[Date "2015.07.26"]
[Round "2"]
[White "Nordenbaek, Jan"]
[Black "Shankland, Samuel L"]
[Result "1/2-1/2"]
[WhiteElo "2134"]
[BlackElo "2656"]
[PlyCount "68"]
[EventDate "2015.07.25"]
[EventType "swiss"]
[EventRounds "10"]
[EventCountry "DEN"]
[Source "ChessBase"]
[SourceDate "2015.09.14"]

1. e4 c5 2. Nf3 e6 3. Nc3 a6 4. d4 cxd4 5. Nxd4 Qc7 6. Bd3 Nf6 7. O-O Nc6 8.
Be3 Ne5 9. Nf3 Nfg4 10. Nxe5 Nxe3 11. Qh5 g6 12. Qf3 Qxe5 13. fxe3 f6 14. Qxf6
Qxf6 15. Rxf6 Bg7 16. Rf2 b5 17. Raf1 Bb7 18. Nd1 b4 19. c3 a5 20. Bb5 Ba6 21.
Bxa6 Rxa6 22. Rc2 Ke7 23. cxb4 axb4 24. b3 Rha8 25. Rff2 Rd6 26. Rfd2 Rc8 27.
Nb2 Rc3 28. Nc4 Ra6 29. e5 Rxc2 30. Rxc2 Rc6 31. Rd2 Rc5 32. Nb6 Rc7 33. Nc4
Rc5 34. Nb6 Rc7 1/2-1/2

[Event "37. Copenhagen Open (Politiken Cup)"]
[Site "Elsinore"]
[Date "2015.07.26"]
[Round "2"]
[White "Olofsson Dolk, Mattis"]
[Black "Thaler, Toni"]
[Result "1-0"]
[WhiteElo "2253"]
[BlackElo "2025"]
[PlyCount "93"]
[EventDate "2015.07.25"]
[EventType "swiss"]
[EventRounds "10"]
[EventCountry "DEN"]
[Source "ChessBase"]
[SourceDate "2015.09.14"]

1. e4 c5 2. Nf3 Nc6 3. d4 cxd4 4. Nxd4 Nf6 5. Nc3 e5 6. Ndb5 d6 7. Bg5 a6 8.
Na3 Be6 9. Nc4 Rc8 10. Bxf6 gxf6 11. Ne3 Ne7 12. Bd3 Bh6 13. O-O Bxe3 14. fxe3
Qb6 15. Qc1 Ng8 16. Kh1 h5 17. a4 Rc5 18. a5 Rxa5 19. Rb1 Qb4 20. Rd1 Ne7 21.
Qd2 Kf8 22. Be2 d5 23. exd5 Nxd5 24. Bf3 Nxc3 25. bxc3 Qc5 26. Rxb7 Kg7 27. Qf2
h4 28. Rf1 f5 29. Bg4 e4 30. Qf4 Kg6 31. Bh3 Qe5 32. Qf2 Rb5 33. Ra7 Rb6 34.
Qe2 Qb5 35. c4 Qc5 36. Qe1 Qe5 37. Rg1 Qb8 38. Qc3 f6 39. Re7 Qd8 40. c5 Rc6
41. Rb7 Qc8 42. Qb2 f4 43. exf4 e3 44. Re7 Bg4 45. Qd4 Rh5 46. Bxg4 Qxg4 47.
Qe4+ 1-0

[Event "37. Copenhagen Open (Politiken Cup)"]
[Site "Elsinore"]
[Date "2015.07.26"]
[Round "2"]
[White "Olsen, Kaj"]
[Black "Alfven, Jorgen"]
[Result "0-1"]
[WhiteElo "1701"]
[BlackElo "1932"]
[PlyCount "110"]
[EventDate "2015.07.25"]
[EventType "swiss"]
[EventRounds "10"]
[EventCountry "DEN"]
[Source "ChessBase"]
[SourceDate "2015.09.14"]

1. e4 c5 2. Nf3 d6 3. d4 cxd4 4. Nxd4 Nf6 5. Nc3 a6 6. Bc4 e6 7. Bg5 Be7 8. O-O
Qc7 9. Bb3 Nc6 10. Re1 O-O 11. f4 Nxd4 12. Qxd4 d5 13. Qd2 dxe4 14. Nxe4 Nxe4
15. Rxe4 Rd8 16. Qc3 Qxc3 17. bxc3 Bxg5 18. fxg5 b5 19. Rd4 Rxd4 20. cxd4 Bb7
21. Re1 Rd8 22. Rd1 Kf8 23. Kf2 a5 24. a4 b4 25. g3 Rc8 26. Ke3 Ke7 27. h4 Ba6
28. Ke4 Rc3 29. Kf4 Kd6 30. g4 Bc4 31. Bxc4 Rxc4 32. Rd2 Rc3 33. Re2 Ra3 34.
Re5 Rxa4 35. Rc5 b3 36. c3 b2 37. Rb5 Rb4 38. cxb4 b1=Q 39. Rb7 axb4 40. Ke3
Qe1+ 41. Kf4 Qd2+ 42. Kf3 Qxd4 43. Rxf7 b3 44. Rf8 Ke5 45. Rb8 Qc3+ 46. Ke2 Ke4
47. h5 Qc2+ 48. Kf1 Ke3 49. Rxb3+ Qxb3 50. h6 Qd1+ 51. Kg2 Qxg4+ 52. Kh2 Qh4+
53. Kg2 Qxg5+ 54. Kf1 gxh6 55. Ke1 Qg1# 0-1

[Event "37. Copenhagen Open (Politiken Cup)"]
[Site "Elsinore"]
[Date "2015.07.26"]
[Round "2"]
[White "Olsen, Michael Richard W"]
[Black "Sjodahl, Pontus"]
[Result "0-1"]
[WhiteElo "2070"]
[BlackElo "2425"]
[PlyCount "88"]
[EventDate "2015.07.25"]
[EventType "swiss"]
[EventRounds "10"]
[EventCountry "DEN"]
[Source "ChessBase"]
[SourceDate "2015.09.14"]

1. Nf3 d5 2. g3 Nf6 3. Bg2 c6 4. O-O Bg4 5. h3 Bh5 6. d3 Nbd7 7. Bf4 Bxf3 8.
exf3 e6 9. Re1 Be7 10. Nd2 Qb6 11. Rb1 Bc5 12. Be3 a5 13. Bxc5 Qxc5 14. c3 b5
15. f4 O-O 16. g4 g6 17. Nf3 b4 18. d4 Qd6 19. Ne5 Kg7 20. c4 dxc4 21. Nxc4
Qxf4 22. Ne5 Nxe5 23. dxe5 Nd5 24. Re4 Qg5 25. Qc1 h6 26. f4 Qe7 27. Qxc6 Rac8
28. Qb5 Rc2 29. Qd3 Rfc8 30. Qg3 Qc5+ 31. Kh2 Qf2 32. Qxf2 Rxf2 33. Kg3 Rcc2
34. Bf3 Rxb2 35. Rxb2 Rxb2 36. Re2 Rxe2 37. Bxe2 a4 38. Bc4 b3 39. Bxb3 axb3
40. axb3 Kf8 41. h4 Ke7 42. Kf3 Kd7 43. Ke4 Kc6 44. f5 Kc5 0-1

[Event "37. Copenhagen Open (Politiken Cup)"]
[Site "Elsinore"]
[Date "2015.07.26"]
[Round "2"]
[White "Ozcan, Guney"]
[Black "Wadstensvik, Petter Andreas"]
[Result "1/2-1/2"]
[WhiteElo "1903"]
[BlackElo "1658"]
[PlyCount "70"]
[EventDate "2015.07.25"]
[EventType "swiss"]
[EventRounds "10"]
[EventCountry "DEN"]
[Source "ChessBase"]
[SourceDate "2015.09.14"]

1. e4 c5 2. Nf3 Nc6 3. d4 cxd4 4. Nxd4 e5 5. Nb5 d6 6. N1c3 a6 7. Na3 Nf6 8.
Bg5 Be7 9. Bxf6 Bxf6 10. Nd5 b5 11. c3 O-O 12. Nc2 Bb7 13. Be2 Bg5 14. O-O Ne7
15. c4 Nxd5 16. cxd5 f5 17. f3 f4 18. Rc1 Rf6 19. Nb4 Rh6 20. Qc2 Qe8 21. Qc7
Qh5 22. h3 Bc8 23. Qc6 Rb8 24. Qc7 Ra8 25. Qc6 Rb8 26. Qxc8+ Rxc8 27. Rxc8+ Kf7
28. Nxa6 Be7 29. Bxb5 Qg5 30. Bd7 Bd8 31. Rfc1 Rg6 32. R1c2 Qg3 33. Rxd8 Qe1+
34. Kh2 Qg3+ 35. Kg1 Qe1+ 1/2-1/2

[Event "37. Copenhagen Open (Politiken Cup)"]
[Site "Elsinore"]
[Date "2015.07.26"]
[Round "2"]
[White "Pedersen, Lars Foldager"]
[Black "Zyde, Fadmal"]
[Result "1-0"]
[WhiteElo "1907"]
[BlackElo "1667"]
[PlyCount "43"]
[EventDate "2015.07.25"]
[EventType "swiss"]
[EventRounds "10"]
[EventCountry "DEN"]
[Source "ChessBase"]
[SourceDate "2015.09.14"]

1. d4 d5 2. Nf3 Nc6 3. Bf4 Bf5 4. e3 Nf6 5. c4 e6 6. c5 Be7 7. Bb5 O-O 8. Bxc6
bxc6 9. Qa4 Nh5 10. Bg3 Nxg3 11. hxg3 Qb8 12. Na3 Bd3 13. O-O-O Bb5 14. Qc2 h6
15. Ne5 Rd8 16. Rh2 f6 17. Qg6 fxe5 18. Rxh6 Bf6 19. dxe5 Kf8 20. exf6 gxh6 21.
Qg7+ Ke8 22. Qe7# 1-0

[Event "37. Copenhagen Open (Politiken Cup)"]
[Site "Elsinore"]
[Date "2015.07.26"]
[Round "2"]
[White "Petersen, Jan"]
[Black "Roksvold, Jan"]
[Result "0-1"]
[WhiteElo "1699"]
[BlackElo "1927"]
[PlyCount "72"]
[EventDate "2015.07.25"]
[EventType "swiss"]
[EventRounds "10"]
[EventCountry "DEN"]
[Source "ChessBase"]
[SourceDate "2015.09.14"]

1. d4 Nf6 2. c4 e6 3. Nc3 d5 4. cxd5 exd5 5. Bg5 Be7 6. Qc2 O-O 7. e3 Nbd7 8.
Bd3 Re8 9. Nge2 Nf8 10. O-O c6 11. Ng3 g6 12. Rab1 Ne6 13. Bxf6 Bxf6 14. b4 a6
15. a4 Bg7 16. b5 axb5 17. axb5 f5 18. bxc6 bxc6 19. Ra1 Rxa1 20. Rxa1 f4 21.
Nge2 Qg5 22. Nd1 Bd7 23. Ra7 Re7 24. Ra8+ Re8 25. Rxe8+ Bxe8 26. Qa2 f3 27. Ng3
fxg2 28. Qa8 Qe7 29. Kxg2 Kf7 30. Nc3 Bxd4 31. exd4 Nf4+ 32. Kf3 Nxd3 33. Nxd5
Ne1+ 34. Kf4 Qd6+ 35. Kg4 Bd7+ 36. Kh4 Nf3# 0-1

[Event "37. Copenhagen Open (Politiken Cup)"]
[Site "Elsinore"]
[Date "2015.07.26"]
[Round "2"]
[White "Petersen, Martin Reib"]
[Black "Marin, Mihail"]
[Result "0-1"]
[WhiteElo "2122"]
[BlackElo "2579"]
[PlyCount "100"]
[EventDate "2015.07.25"]
[EventType "swiss"]
[EventRounds "10"]
[EventCountry "DEN"]
[Source "ChessBase"]
[SourceDate "2015.09.14"]

1. e4 e6 2. b3 c5 3. Bb2 Nc6 4. Nf3 Qc7 5. Nc3 a6 6. a4 Nf6 7. g3 Be7 8. Bg2
O-O 9. O-O d5 10. exd5 exd5 11. d4 cxd4 12. Nxd4 Rd8 13. Nce2 Ne4 14. Nxc6 bxc6
15. Qd3 Bf6 16. Bxf6 Nxf6 17. Rfe1 a5 18. Rad1 Ba6 19. Qf5 Bxe2 20. Rxe2 Rab8
21. Rde1 Qd6 22. Qe5 Qxe5 23. Rxe5 Kf8 24. h3 Rb4 25. Kf1 g6 26. Ke2 Nd7 27.
Re3 d4 28. Re4 c5 29. Kd2 Nb6 30. Re5 Rc8 31. Bf1 d3 32. Bxd3 c4 33. Bxc4 Nxc4+
34. bxc4 Rbxc4 35. Rxa5 Rxc2+ 36. Kd3 Rxf2 37. Re3 Rc1 38. h4 h5 39. Rg5 Ra1
40. a5 Ra3+ 41. Kd4 Ra4+ 42. Kd3 Ra3+ 43. Kd4 Rd2+ 44. Ke4 f5+ 45. Kf3 Raa2 46.
Rb3 Rd6 47. Rb5 Rd3+ 48. Kf4 Rf2+ 49. Ke5 Re2+ 50. Kf4 Re4# 0-1

[Event "37. Copenhagen Open (Politiken Cup)"]
[Site "Elsinore"]
[Date "2015.07.26"]
[Round "2"]
[White "Petersen, Peter Birk"]
[Black "Nielsen, Palle"]
[Result "1-0"]
[WhiteElo "2197"]
[BlackElo "1751"]
[PlyCount "53"]
[EventDate "2015.07.25"]
[EventType "swiss"]
[EventRounds "10"]
[EventCountry "DEN"]
[Source "ChessBase"]
[SourceDate "2015.09.14"]

1. e4 c5 2. Nf3 d6 3. d4 cxd4 4. Nxd4 Nc6 5. c4 Nf6 6. Nc3 Bd7 7. Be2 a6 8. O-O
e5 9. Nc2 Rc8 10. Be3 Be7 11. Qd2 Ng4 12. Bxg4 Bxg4 13. Nd5 Be6 14. b4 Bxd5 15.
Qxd5 Qc7 16. Rfc1 O-O 17. a4 Nb8 18. Ne1 Nd7 19. a5 Nf6 20. Qd3 Qd7 21. Rc3 Qe6
22. Nc2 Ng4 23. Bd2 f5 24. exf5 Rxf5 25. f3 Nf6 26. Re1 Nd7 27. Nd4 1-0

[Event "37. Copenhagen Open (Politiken Cup)"]
[Site "Elsinore"]
[Date "2015.07.26"]
[Round "2"]
[White "Petersen, Rasmus"]
[Black "Mott, Jens"]
[Result "1/2-1/2"]
[WhiteElo "1727"]
[BlackElo "1953"]
[PlyCount "62"]
[EventDate "2015.07.25"]
[EventType "swiss"]
[EventRounds "10"]
[EventCountry "DEN"]
[Source "ChessBase"]
[SourceDate "2015.09.14"]

1. d4 Nf6 2. c4 e6 3. Nc3 d5 4. Bg5 Nbd7 5. e3 c6 6. Nf3 Qa5 7. Bxf6 Nxf6 8. a3
Ne4 9. Qc2 Bb4 10. Rc1 Bxc3+ 11. bxc3 Qxa3 12. Bd3 Nf6 13. O-O Qe7 14. Ra1 O-O
15. Rfb1 g6 16. c5 Nd7 17. Bf1 e5 18. c4 e4 19. Nd2 Nb8 20. cxd5 cxd5 21. Qb3
Qe6 22. Rb2 Nc6 23. Nb1 Bd7 24. Nc3 Ne7 25. Qxb7 a5 26. Qb6 Nc6 27. Qb3 Nb4 28.
Na2 Nc6 29. Nc3 Nb4 30. Na2 Nc6 31. Nc3 Nb4 1/2-1/2

[Event "37. Copenhagen Open (Politiken Cup)"]
[Site "Elsinore"]
[Date "2015.07.26"]
[Round "2"]
[White "Ragger, Markus"]
[Black "Djurhuus, Eivind X"]
[Result "1-0"]
[WhiteElo "2688"]
[BlackElo "2149"]
[PlyCount "59"]
[EventDate "2015.07.25"]
[EventType "swiss"]
[EventRounds "10"]
[EventCountry "DEN"]
[Source "ChessBase"]
[SourceDate "2015.09.14"]

1. d4 Nf6 2. c4 e6 3. Nc3 Bb4 4. e3 O-O 5. Bd3 d5 6. Nf3 c5 7. O-O dxc4 8. Bxc4
b6 9. a3 cxd4 10. axb4 dxc3 11. bxc3 Qc7 12. Qb3 Bb7 13. Be2 Ng4 14. Rd1 Ne5
15. Nxe5 Qxe5 16. b5 Rc8 17. Ra4 Bd5 18. c4 Bb7 19. Bb2 Qg5 20. f3 Rd8 21. c5
Rxd1+ 22. Qxd1 Qxe3+ 23. Kf1 Qxc5 24. Rg4 f6 25. Bxf6 g6 26. Rc4 Qf8 27. Bb2
Qe7 28. Rd4 a6 29. Rd8+ Kf7 30. Qd4 1-0